<?xml version="1.0" encoding="UTF-8"?>
<record
    xmlns:xsi="http://www.w3.org/2001/XMLSchema-instance"
    xsi:schemaLocation="http://www.loc.gov/MARC21/slim http://www.loc.gov/standards/marcxml/schema/MARC21slim.xsd"
    xmlns="http://www.loc.gov/MARC21/slim">

  <leader>03800nam a22003377a 4500</leader>
  <controlfield tag="003">OSt</controlfield>
  <controlfield tag="005">20240816132813.0</controlfield>
  <controlfield tag="007">cr ||||||a|c|a</controlfield>
  <controlfield tag="008">240816s2023    mx a|||fom||| 00| 0 spa d</controlfield>
  <datafield tag="040" ind1=" " ind2=" ">
    <subfield code="e">rda</subfield>
  </datafield>
  <datafield tag="100" ind1="1" ind2=" ">
    <subfield code="a">Miranda Meraz, Mar&#xED;a Guadalupe</subfield>
    <subfield code="9">189440</subfield>
  </datafield>
  <datafield tag="245" ind1="1" ind2="0">
    <subfield code="a">Comportamiento sexual y calidad seminal de conejos nueva zelanda blanco suplementados con te verde (Camellia sinensis) /</subfield>
    <subfield code="c">por Mar&#xED;a Guadalupe Miranda Meraz; presidente Raymundo Rodr&#xED;guez Lara; secretario Marianell Fallas L&#xF3;pez; vocal Luis Miguel Hern&#xE1;ndez Vel&#xE1;zquez; suplente Otilio Aguilar Romero; suplente Constantino Romero M&#xE1;rquez</subfield>
  </datafield>
  <datafield tag="264" ind1=" " ind2="1">
    <subfield code="a">Chapingo, M&#xE9;xico :</subfield>
    <subfield code="b">El autor,</subfield>
    <subfield code="c">2023.</subfield>
  </datafield>
  <datafield tag="300" ind1=" " ind2=" ">
    <subfield code="a">1 recurso en l&#xED;nea (41 p&#xE1;ginas):</subfield>
    <subfield code="b">Ilustraciones, cuadros</subfield>
  </datafield>
  <datafield tag="336" ind1=" " ind2=" ">
    <subfield code="2">rdacontent</subfield>
    <subfield code="a">texto</subfield>
    <subfield code="b">txt</subfield>
  </datafield>
  <datafield tag="337" ind1=" " ind2=" ">
    <subfield code="2">rdamedia</subfield>
    <subfield code="a">computadora</subfield>
    <subfield code="b">c</subfield>
  </datafield>
  <datafield tag="338" ind1=" " ind2=" ">
    <subfield code="2">rdacarrier</subfield>
    <subfield code="a">recurso en l&#xED;nea</subfield>
    <subfield code="b">cr</subfield>
  </datafield>
  <datafield tag="502" ind1=" " ind2=" ">
    <subfield code="b">IAEZ</subfield>
    <subfield code="c">Zootecn&#xED;a</subfield>
    <subfield code="d">2023</subfield>
    <subfield code="g">LIC</subfield>
  </datafield>
  <datafield tag="504" ind1=" " ind2=" ">
    <subfield code="a">Incluye referencias bibliogr&#xE1;ficas: p&#xE1;ginas 31-39</subfield>
  </datafield>
  <datafield tag="520" ind1=" " ind2=" ">
    <subfield code="a">El objetivo del presente estudio fue evaluar el efecto de la suplementaci&#xF3;n con extractos de hojas de la planta Camellia sinensis verde en la calidad seminal en conejos. Se utilizaron 24 conejos Nueva Zelanda Blanco, que fueron asignados completamente al azar a uno de dos tratamientos experimentales: T1) Sin suplemento; T2) Con suplementaci&#xF3;n con 75 mg por kg de peso vivo de extractos de t&#xE9; verde administrados en el agua bebida. Se proporcionaron los extractos cinco d&#xED;as continuos, de lunes a viernes, hasta completar seis sesiones. Los conejos fueron manejados bajo un ritmo de reproducci&#xF3;n extensivo en donde se colectaban un primero y segundo eyaculado una vez a la semana. El dise&#xF1;o experimental fue completamente al azar con dos tratamientos y 12 repeticiones por tratamiento siendo el conejo la unidad experimental. Se analizaron estad&#xED;sticamente un total de 256 muestras. La suplementaci&#xF3;n con extractos de t&#xE9; verde dio lugar a un porcentaje superior en 61.5% en cuanto a la presencia de gel; una mejora del 4.0% en la producci&#xF3;n de espermatozoides/ml (sin verse influenciada por tratamiento[p&gt;0.05]); se increment&#xF3; (p=0.03) la concentraci&#xF3;n esperm&#xE1;tica por eyaculado en 8.3 millones (+4.7%). No se encontraron efectos de tratamiento (p&gt;0.05) en la motilidad total, motilidad progresiva y en el porcentaje de espermatozoides vivos. Las velocidades rectil&#xED;neas (VSL) de los espermatozoides en conejos suplementados tendieron (p=0.133) a ser mayores en un 4.9%. El &#xED;ndice de linearidad mostro ser superior (p=0.05) en los conejos suplementados con extractos de t&#xE9; verde (+4.7%), as&#xED; mismo se observ&#xF3; una tendencia (p=0.116) a presentar un mayor porcentaje de espermatozoides vivos normales (+1.2%), un valor mayor en cuanto al promedio de espermatozoides vivos normales progresivos motiles por eyaculado (+13.3 X106) y un incremento en el n&#xFA;mero de dosis potenciales para uso en inseminaci&#xF3;n artificial (+15.7%). La suplementaci&#xF3;n con polifenoles de t&#xE9; verde mejora la concentraci&#xF3;n esperm&#xE1;tica por eyaculado, la motilidad progresiva, los par&#xE1;metros de cin&#xE9;tica progresiva de movimiento esperm&#xE1;tico y la capacidad reproductiva en conejos
</subfield>
  </datafield>
  <datafield tag="650" ind1=" " ind2="4">
    <subfield code="a">Conejos</subfield>
    <subfield code="x">Reproducci&#xF3;n</subfield>
    <subfield code="9">26378</subfield>
  </datafield>
  <datafield tag="650" ind1=" " ind2="4">
    <subfield code="a">Conejos</subfield>
    <subfield code="x">Semen</subfield>
    <subfield code="9">26379</subfield>
  </datafield>
  <datafield tag="650" ind1=" " ind2="4">
    <subfield code="a">Camellia sinensis</subfield>
    <subfield code="x">Efecto en conejos</subfield>
    <subfield code="9">189307</subfield>
  </datafield>
  <datafield tag="700" ind1="1" ind2=" ">
    <subfield code="a">Rodr&#xED;guez de Lara, Raymundo</subfield>
    <subfield code="9">98436</subfield>
    <subfield code="e">presidente</subfield>
  </datafield>
  <datafield tag="700" ind1="1" ind2=" ">
    <subfield code="a">Fallas L&#xF3;pez, Marianella.</subfield>
    <subfield code="9">39399</subfield>
    <subfield code="e">secretario</subfield>
  </datafield>
  <datafield tag="700" ind1="1" ind2=" ">
    <subfield code="a">Hern&#xE1;ndez Vel&#xE1;zquez Luis Miguel</subfield>
    <subfield code="9">129220</subfield>
    <subfield code="e">vocal</subfield>
  </datafield>
  <datafield tag="700" ind1="1" ind2=" ">
    <subfield code="a">Aguilar Romero, Otilio</subfield>
    <subfield code="9">189441</subfield>
    <subfield code="e">suplente</subfield>
  </datafield>
  <datafield tag="700" ind1="0" ind2=" ">
    <subfield code="a">Romero M&#xE1;rquez, Constantino</subfield>
    <subfield code="9">99621</subfield>
    <subfield code="e">suplente</subfield>
  </datafield>
  <datafield tag="856" ind1=" " ind2=" ">
    <subfield code="u">http://10.13.5.2/tesis/tl/1511678-2_MIRANDA_MERAZ_MARIAGUADALUPE.pdf</subfield>
    <subfield code="z">DESCARGAR PDF</subfield>
  </datafield>
  <datafield tag="942" ind1=" " ind2=" ">
    <subfield code="2">Clasificaci&#xF3;n Universidad Aut&#xF3;noma Chapingo</subfield>
    <subfield code="c">TD</subfield>
  </datafield>
  <datafield tag="999" ind1=" " ind2=" ">
    <subfield code="c">220087</subfield>
    <subfield code="d">220087</subfield>
  </datafield>
  <datafield tag="952" ind1=" " ind2=" ">
    <subfield code="0">0</subfield>
    <subfield code="1">0</subfield>
    <subfield code="2">local</subfield>
    <subfield code="4">0</subfield>
    <subfield code="5">1</subfield>
    <subfield code="7">0</subfield>
    <subfield code="8">TesDigL</subfield>
    <subfield code="a">BD</subfield>
    <subfield code="b">BD</subfield>
    <subfield code="d">2024-08-16</subfield>
    <subfield code="l">0</subfield>
    <subfield code="o">Tesis digital</subfield>
    <subfield code="r">2024-08-16 12:47:22</subfield>
    <subfield code="w">2024-08-16</subfield>
    <subfield code="y">TD</subfield>
  </datafield>
</record>
